Management of lakes and ponds

সংরক্ষণ করুন:
গ্রন্থ-পঞ্জীর বিবরন
প্রধান লেখক: Bennett, George W.
বিন্যাস: গ্রন্থ
ভাষা:Undetermined
প্রকাশিত: Malabar, Florrida Krieger Publishing company 1970
বিষয়গুলি:
ট্যাগগুলো: ট্যাগ যুক্ত করুন
কোনো ট্যাগ নেই, প্রথমজন হিসাবে ট্যাগ করুন!
Thư viện lưu trữ: Trung tâm Học liệu Trường Đại học Cần Thơ
LEADER 00523nam a2200181Ia 4500
001 CTU_38881
008 210402s9999 xx 000 0 und d
082 |a 639.311 
082 |b B471 
100 |a Bennett, George W. 
245 0 |a Management of lakes and ponds 
245 0 |c George W. Bennett 
260 |a Malabar, Florrida 
260 |b Krieger Publishing company 
260 |c 1970 
650 |a Fish-culture,Fishery management,Fish ponds 
904 |i Giang 
980 |a Trung tâm Học liệu Trường Đại học Cần Thơ